01686cam a22004334i 4500003000900000005001700009008004100026020001800067035002700085040003300112049000900145082001800154245005500172264004500227300004400272336002100316337002500337338002300362490003600385500003900421505008600460526000900546526000900555526000800564526000800572526000800580541001600588610003300604650003900637700001900676910002200695942001400717949012200731994001400853596000600867999015500873980005501028952016901083PE-LiUPU20250731183433.0150706s r 000 0 d a9788495098658 a(Sirsi) i9788495098658 aPE-LiUPUbspacPE-LiUPUerda aPRUA04a708bMEAM22101aLeopold Museum :bViena /c[textos, Angela Sanna]. 1a[Madrid] :bComunicación Uno,c[2007]. a32 páginas :bilustraciones ;c36 cm. atext2rdacontent aunmediated2rdamedia avolume2rdacarrier0 aMuseos europeos de arte moderno aSubtítulo tomado de la cubierta.0 aImágenes de algunos cuadros artísticos que se encuentran en el Museo Leopold. aP158 aP146 aP17 aP12 aP06 g002-001005;2 aLeopold MuseumvCatálogos.04aArte modernozEuropavCatálogos.1 aSanna, Angela. aglcjckd20120822 2ddccBOOK a708 MEAM VwDEWEYc1i65337lCCODEBUL1mBULp4.00r0sYtBOOKu2015-7-6xINGENIERIAPP06o.STAFF. Colección General aC0bPEPRU a1 a708 MEAM VwDEWEYc53905i65337f2021-11-9g7lCCODEBUL1mBULp4.00r0sYtBOOKu2015-7-6xINGENIERIAPP060COMPRAo.STAFF. Colección Generald53905 81gALBERTO SANCHEZ Responsable de Automatización r2025-12-02 00:00:00i8l0o708 MEAM Vp65337te1v9.00w2015-07-06xFIAyBKzinventario-2023-12-13102ddc50708GENfP06aBULbBULcLGRAd2015-07-06eCOMPRAg4.00